00327nam a2200133Ia 4500008004100000082001100041100001800052245004000070250000800110260002500118300001400143500002400157650001200181230524s9999 xx 000 0 und d a4bROU aSusant K.Rout 0aCimple (Let's see how Simple C is?) a1ST aNEW DELHIbMGHc2007 aXXIII;441 aQuantity Number: 2 aComp-Sc